Cuyahoga County, OH: Cities, Villages & Townships - Statistics

General Stats
  • This quiz has been taken 314 times
  • The average score is 32 of 59
Answer Stats
First Letter Population Type Answer % Correct
C 396,698 City Cleveland
100%
P 81,601 City Parma
99%
L 52,131 City Lakewood
91%
C 46,238 City Cleveland Heights
88%
E 48,920 City Euclid
83%
S 44,750 City Strongsville
79%
W 32,729 City Westlake
76%
P 20,718 City Parma Heights
75%
S 28,448 City Shaker Heights
75%
N 32,718 City North Olmsted
74%
O 13,513 Township Olmsted
67%
R 20,213 City Rocky River
67%
B 19,093 City Berea
66%
B 13,656 City Brecksville
66%
S 23,348 City Solon
66%
B 15,651 City Bay Village
64%
M 3,460 Village Mayfield
62%
N 30,444 City North Royalton
62%
B 11,169 City Brooklyn
61%
E 17,843 City East Cleveland
61%
O 3,323 Village Orange
61%
G 28,849 City Garfield Heights
60%
I 7,133 City Independence
60%
U 13,539 City University Heights
60%
B 19,400 City Broadview Heights
58%
B 19,212 City Brook Park
57%
F 16,826 City Fairview Park
57%
B 13,074 City Bedford
56%
S 22,295 City South Euclid
54%
C 4,233 Township Chagrin Falls
53%
C 4,104 Village Chagrin Falls
53%
M 19,155 City Mayfield Heights
53%
B 1,197 Village Bratenahl
52%
L 179 Village Linndale
52%
O 9,024 City Olmsted Falls
52%
C 638 Village Cuyahoga Heights
51%
P 5,979 City Pepper Pike
51%
S 11,804 City Seven Hills
51%
B 10,751 City Bedford Heights
49%
L 14,001 City Lyndhurst
49%
B 11,953 City Beachwood
47%
M 23,138 City Maple Heights
47%
M 15,946 City Middleburg Heights
46%
H 707 Village Hunting Valley
41%
N 2,167 Village Newburgh Heights
40%
W 13,542 City Warrensville Heights
40%
G 2,270 Village Gates Mills
38%
V 2,034 Village Valley View
37%
B 1,543 Village Brooklyn Heights
36%
H 8,345 City Highland Heights
36%
R 10,546 City Richmond Heights
36%
H 1,130 Village Highland Hills
31%
B 864 Village Bentleyville
29%
M 3,320 Village Moreland Hills
27%
G 923 Village Glenwillow
25%
O 3,667 Village Oakwood
25%
W 884 Village Woodmere
25%
N 1,027 Village North Randall
23%
W 2,281 Village Walton Hills
22%
No matching quizzes found
Score Distribution
Percent of People with Each Score
Percentile by Number Answered
Your Score History
You have not taken this quiz